Christian Denomination by Haiku Quiz Stats

Quiz Updated Feb 17, 2012

Challenge
Share
Tweet
Embed
Score 0/11 Timer 02:00
7 Plays Today
Haiku Denomination % Correct
Wanting a new wife, he established a 'new' church, Henry was its head.Anglican Church
89.1%
Universal church, apostolic succession, the Bishop of Rome.Catholic Church
81.6%
Born-again a must, full immersion in a pool, salvation by faith.Baptists
69.7%
Baptisms for dead, Near East to America, white shirts and black ties.Church of Jesus Christ of Latter-day Saints
59.3%
The first to protest, starts with Ninety-Five Theses, liturgy of old.Lutherans
58.6%
Predestination, Confessions of Faith in church, the Church of Scotland.Presbyterians
49.2%
Inner Light in soul, pacifism longstanding, Tricky Dick was one.Quakers
44.5%
Prevenient grace, they led teetotalism, Wesley's thought is key.Methodists
42.5%
The first to split off, predenominational, Patriarchs equal.Eastern Orthodox
38.4%
Valuing all truth, seeing salvation for all, they welcome pagans.Unitarian Universalists
35.8%
They can speak in tongues, loving a good revival, the Spirit descends.Pentecostals
33.1%

You're not logged in!

Compare scores with friends on all Sporcle quizzes.
Join for Free
OR
Log In

You Might Also Like...

Show Comments

Extras

Top Quizzes Today


Score Distribution

Your Account Isn't Verified!

In order to create a playlist on Sporcle, you need to verify the email address you used during registration. Go to your Sporcle Settings to finish the process.

Report this User

Report this user for behavior that violates our Community Guidelines.

Details: